1831 1217 1199 1749 1515 1485 1698 1448 1452 1605 1050 1714 1912 1289 1103 1143 1156 1626 1626 1693 1379 1680 1317 1907 1095 1047 1332 1029 1029 1101 1831 1065 1606 1343 1066 1373 1213 1522 1180 1298 1941 1420 1106 1515 1768 1267 1862 1586 1024 1700 1964 1537 1126 1707 1489 1582 1350 1701 1451 1592 1833 1818 1192 1162 1331 1309 1936 1472 1906 1368 1183 1824 1953 1989 1742 1623 1439 1269 1844 1849 1293 1469 1004 1290 1119 1305 1609 1836 1654 1966 1404 1971 1028 1476 1671 1046 1483 1193 1457 BCNSPRNW ULIB Ver.6.0+V

เปลี่ยนเป็นภาษาไทย

Change to English
 แสดงรายละเอียดบรรณานุกรม
  กลับหน้าหลัก

Brief Record : Get Marc (ISO 2709) : E-mail record : QR code < ปิดหน้าต่าง
LEADER : 00000nam 2200000uu 4500
001    13399109254
003     ULIB
008    110325s2548||||th 000 0 tha d
020    9742964114
060 04 WA540^bส848ร 2548
245 00 รายงานสมัชชาสุขภาพแห่งชาติ พ.ศ.2548/^cสำนักงานปฏิรูประบบสุขภาพแห่งชาติ ; บรรณาธิการ: สรุณีพิพัฒน์โรจนกมล, กรกนก ตันตระกูล, วรรณวิมล ขวัญยาใจ
250    พิมพ์ครั้งที่ 1
260    กรุงเทพฯ :^bวิคตอเรีย อิมเมจ,^c2548
300     368 หน้า :^bภาพประกอบ ;^c30 ซม.
310    รายปี
536    สนับสนุนโดย สำนักงานกองทุนสนับสนุนการสร้างเสริมสุขภาพ(สสส.), สำนักงานวิจัยระบบสาธารณสุข (สวรส.), กระทรวงสาธารณสุข
650  7 การปฏิรูประบบสาธารณสุข^vรายปี^zไทย
650  7 การส่งเสริมสุขภาพ^vรายปี^zไทย
650  7 นโยบายด้านสุขภาพ^vรายปี^zไทย
700 0  สรุณี พิพัฒน์โรจนกมล,^eบรรณาธิการ
700 0  กรกนก ตันตระกูล,^eบรรณาธิการ
700 0  วรรณวิมล ขวัญยาใจ,^eบรรณาธิการ
710 2  สำนักงานปฏิรูประบบสุขภาพแห่งชาติ
710 2  สำนักงานกองทุนสนับสนุนการสร้างเสริมสุขภาพ
710 2  สำนักงานวิจัยระบบสาธารณสุข
710 2  กระทรวงสาธารณสุข
995    ศพร
999 ^a ใช้งานได้ทุกระบบ
รายการนี้ยังไม่มีแท็ก
คุณยังไม่ได้ล็อกอิน คุณสามารถมีกิจกรรมร่วมกับเว็บไซต์ได้ แต่ต้องล็อกอินก่อน ::
  ล็อกอิน

รายการสื่อสารสนเทศ

ลำดับที่ ประเภท เลขเรียก/บาร์โค้ด สถานที่ สถานะ
- ไม่พบข้อมูล -

BibComment


ยังไม่เคยถูกคอมเมนท์

คอมเมนท์ทรัพยากรรายการนี้
  คอมเมนท์: รายงานสมัชชาสุขภา..


 Copyright 2026. Bcnsprnw @Library